000 00564nam a22002177a 4500
003 UA-OsUOA
001 36369
007 ta
008 20060123b un ||||| |||| 00| 0 ukr d
100 _aЧереповська Н.
090 _a159
_bЧ-11
942 _cSA
040 _aUA-OsUOA
_bukr
_cUA-OsUOA
_dUA-OsUOA
245 _aРозвиток креативної людини
300 _aс.8-14 с.
955 _a0
041 _aukr
080 _a159
773 0 _w36367
_tПсихолог
_dК.
_d2006
_g4
650 7 _a1 Філософські науки
_2UDC
999 _c322607
_d322607